Writing prose
Збережено в:
| Автор: | |
|---|---|
| Формат: | Книга |
| Мова: | Undetermined |
| Опубліковано: |
Estados Unidos
Oxford University Press
1964
|
| Предмети: | |
| Теги: |
Додати тег
Немає тегів, Будьте першим, хто поставить тег для цього запису!
|
MARC
| LEADER | 00000nam a2200000Ia 4500 | ||
|---|---|---|---|
| 008 | 170316s9999 xx 000 0 und d | ||
| 090 | |a A-810 K-1w | ||
| 100 | |a Kane, Thomas S. | ||
| 245 | |a Writing prose | ||
| 260 | |a Estados Unidos | ||
| 260 | |b Oxford University Press | ||
| 260 | |c 1964 | ||
| 300 | |a 486 páginas | ||
| 650 | |a LITERATURA ESTADOUNIDENSE | ||
| 650 | |a ANTOLOGÍA | ||
| 999 | |c 27634 |d 27634 | ||
| 040 | |a cru BVZT | ||
| 942 | |c 15 D |h A-810 K-1w |2 z | ||
